000 00323nam a22001457a 4500
008 230703b ||||| |||| 00| 0 eng d
020 _a9780134508306
041 _aeng
080 _25E
_a311
082 _a311SUL
100 _a24
101 _aSIS
245 _aFUNDAMENTAS OF STATISTICS
_cSULLIVAN .M
942 _2udc
_cBK
999 _c60072
_d60072